| 000 | 01040cad a22002655a 4500 | ||
|---|---|---|---|
| 001 | L160158 | ||
| 008 | 180904u20180410xxk g 000 0 eng d | ||
| 035 | _a(Sirsi) u160158 | ||
| 041 | 0 | _aeng | |
| 050 | 0 | 4 | _a333.7315 |
| 110 |
_aRoyal Institution of Chartered Surveyors _94900 |
||
| 245 | 0 | 4 |
_aCities, health and well being _h[electronic resource] |
| 260 |
_aLondon _bRICS _c2018 |
||
| 490 | 0 | _aRICS Research | |
| 520 | _aLooks at issues affecting health and well being in cities and the role property professional can play in establishing health liveable urban communities. These include lack of access to affordable housing, greenspace and opportuntiies for physical activity. | ||
| 590 | _aKA NTK | ||
| 650 | 2 | 4 | _aCITIES |
| 651 | 4 | _aUnited Kingdom | |
| 690 |
_aSustainability _96271 |
||
| 690 |
_aPlanning and development _96259 |
||
| 700 | 1 | _aPineo, Helen | |
| 700 | 1 | _aRydin, Yvonne | |
| 856 | 4 | 0 |
_uhttps://www.rics.org/news-insights/research-and-insights/cities-health-and-well-being _zview on RICS.org |
| 942 |
_n0 _2ddc |
||
| 999 |
_c116247 _d116247 |
||